00683nam a2200181 4500001000700000003000900007005001700016007000300033008004100036100002700077245013100104250001300235260005900248300003200307852002200339999001900361952012100380128037ES-MaACL20230906193139.0t|070214s1921 fr r ||||1| fre d1 aRivet, Charles.99772314aLes Tchécoslovaques b: des alliés de demain : leurs problémes, leur avenir, nos intérêts communs / cCharles Rivet. a3e éd. aParis : b[s. n.], c1921 (eLagny : fImp. E. Grevin) aXII, 322 p. ; c19 x 12 cm. aES-MaACLjF-10300 c128037d128037 00104070aATENEOMbATENEOMcSPP2d2008-01-17eSCl0oF-10300p1133352r2023-02-23 00:00:00w2023-02-23yMONOGRAFIA